Trouvez l'acteur ou l'actrice...20 - Statistiques

Statistiques générales
  • Ce quiz a été pris 53 fois
  • Le résultat moyen est 6 sur 15
Statistiques - réponses
Films / Séries Acteurs / actrices % Correct
La doublure - Coco - Chouchou Gad Elmaleh
92%
Caméra Café - La vérité si je mens! - Espace détente Bruno Solo
75%
Astérix aux Jeux Olympiques - Les chevaliers du ciel - Brice de Nice Clovis Cornillac
60%
Les visiteurs 2 - Saint-Jacques...La Mecque - Les malheurs de Sophie Muriel Robin
48%
Julie Lescaut - Un père et passe - Légitime violence Véronique Genest
48%
Ghost - Sister act - La couleur pourpre Whoopi Goldberg
48%
A armes égales - Harcèlement - Striptease Demi Moore
44%
Footloose - Apollo 13 - Mystic river Kevin Bacon
40%
Casque bleu - La tour Montparnasse infernale - RRRrrr!!! Marina Foïs
35%
Les rois du désert - La planète des singes - Les infiltrés Mark Wahlberg
29%
Mademoiselle Chambon - Le septième ciel - A vendre Sandrine Kiberlain
29%
(500) jours ensemble - Inception - The dark knight rises Joseph Gordon-Levitt
27%
Angélique, marquise des anges - Tirez sur le pianiste - Les baroudeurs Michèle Mercier
27%
Le péril jeune - L'assaut - Le jeu Vincent Elbaz
27%
Les sous-doués en vacances - Mon père, ce héros - Pièce montée Charlotte de Turckheim
8%
Aucun quiz correspondant
Distribution des résultats
% des personnes avec chaque résultat
Percentile par nombre de réponses
Votre historique - résultats
Vous n’avez pas pris ce quiz